Loka-sāhitya. (Record no. 62971)

MARC details
000 -LEADER
fixed length control field 00580cam a22002291 4500
001 - CONTROL NUMBER
control field sa 65003076
003 - CONTROL NUMBER IDENTIFIER
control field DLC
005 - DATE AND TIME OF LATEST TRANSACTION
control field 20260227112121.0
008 - FIXED-LENGTH DATA ELEMENTS--GENERAL INFORMATION
fixed length control field 920218s1963 bg b 000 0 beno
010 ## - LIBRARY OF CONGRESS CONTROL NUMBER
LC control number sa 65003076
035 ## - SYSTEM CONTROL NUMBER
System control number (OCoLC)25294642
040 ## - CATALOGING SOURCE
Original cataloging agency DLC
Transcribing agency WaU
Modifying agency DLC
042 ## - AUTHENTICATION CODE
Authentication code premarc
050 00 - LIBRARY OF CONGRESS CALL NUMBER
Classification number PN939
Item number .S5
100 1# - MAIN ENTRY--PERSONAL NAME
Personal name Siddikī, Āśrāpha,
Dates associated with a name 1927-
245 10 - TITLE STATEMENT
Title Loka-sāhitya.
260 ## - PUBLICATION, DISTRIBUTION, ETC.
Date of publication, distribution, etc. [1963]
300 ## - PHYSICAL DESCRIPTION
Extent 5, 417 p.
Dimensions 22 cm.
546 ## - LANGUAGE NOTE
Language note In Bengali.
504 ## - BIBLIOGRAPHY, ETC. NOTE
Bibliography, etc. note Bibliography: p. [395-399]
650 #0 - SUBJECT ADDED ENTRY--TOPICAL TERM
Topical term or geographic name entry element Folk literature
General subdivision History and criticism.

No items available.

Powered by Koha